| 000 | | | 05073cbc2a2200241#x 450 |
| 001 | | | 6fc8e8b1-6632-4653-8cee-09964d216caf |
| 005 | | | 20250328110858.0 |
| 100 | ## | $a | 20200722l18511900k l0rusy0189 ca |
| 101 | 0# | $a | rus |
| | $b | fre |
| 102 | ## | $a | RU |
| 105 | ## | $a | y### |
| 122 | 2# | $a | d1851###### |
| | $a | d1900###### |
| 200 | 1# | $a | Рукопись Э. Лавиеса "Молодость Фридриха Великого" и "Фридрих Великий до вступления на престол" |
| | $e | [вторая половина 19 в.] |
| | $j | [1851-1900] |
| 215 | ## | $a | 999 листов |
| | $d | 36,5х26 см |
| 251 | ## | $c | Дело |
| 300 | ## | $a | Перевод с французского А. М. |
| 300 | ## | $a | Рукописный текст. Чернила |
| 371 | ## | $a | Документ не является опубликованным и широко распространяемым |
| 461 | #0 | $1 | 0010f90f4e9-6853-4757-b6b9-74e3bb410360 |
| | $1 | 2001 |
| | $a | Общество ревнителей русского исторического просвещения в память императора Александра III |
| | $1 | 251 |
| | $c | Фонд |
| | $1 | 852 |
| | $j | 747 |
| 462 | #0 | $1 | 00139319bec-7d6a-48fb-bb5b-6efebc1f47e2 |
| | $1 | 2001 |
| | $a | 1895-1918 гг. |
| | $v | Д. 170 |
| | $1 | 251 |
| | $c | Опись |
| | $1 | 852 |
| | $j | 1 |
| 801 | #0 | $a | RU |
| | $b | РГИА |
| | $c | 20200722 |
| 801 | #1 | $a | RU |
| | $b | ГлавНИВЦ |
| | $c | 20200722 |
| | $2 | rusmarc |
| 801 | #2 | $a | RU |
| | $b | ПБ им. Б.Н. Ельцина |
| | $c | 20210203 |
| | $g | RCR |
| | $2 | rusmarc |
| 850 | ## | $a | Федеральное казенное учреждение "Российский государственный исторический архив" |
| 852 | ## | $a | РГИА |
| | $j | 170 |
| 937 | ## | $h | РГИА |
| | $d | 12346943 |
| | $a | ASBIBLIO_SCAN |
| 035 | ## | $a | RusGRCC00008433 |
| 856 | ## | $u | http://readingroom.main.prlib.ru/item.aspx?id_node=n156161830&mode=full |
| 600 | #0 | $2 | nlr_sh |
| | $3 | RU\NLR\AUTH\66268849 |
| | $a | Фридрих |
| | $c | король прусский |
| | $d | II |
| | $f | 1712 - 1786 |
| | $j | Архивные дела |
| 607 | ## | $2 | nlr_sh |
| | $3 | RU\NLR\AUTH\66314292 |
| | $a | Пруссия |
| | $j | Архивные дела |
| | $x | История |
| | $z | 18 - 19 вв. |
| 605 | ## | $2 | acquisition_Prlib |
| | $3 | DITM\AF\0000004675 |
| | $a | Территория |
| | $l | коллекция |
| 605 | ## | $2 | acquisition_Prlib |
| | $3 | DITM\AF\0000002775 |
| | $a | Власть |
| | $l | коллекция |
| 686 | ## | $2 | rubbk |
| | $a | 63.3(4ФРа)5-8ю1 |
| | $v | LBC/M |